[Event "ARG-ch sf 95th"]
[Site "Buenos Aires"]
[Date "2020.02.24"]
[Round "3"]
[White "Perez Ponsa, Federico"]
[Black "Gerschenfeld, Martin"]
[Result "1-0"]
[WhiteElo "2559"]
[BlackElo "1847"]
[PlyCount "49"]
[EventDate "2020.02.22"]
[EventType "swiss"]
[EventRounds "9"]
[EventCountry "ARG"]
[SourceTitle "CBM 195 Extra"]
[Source "ChessBase"]
[SourceDate "2020.05.31"]
[SourceVersion "1"]
[SourceVersionDate "2020.05.31"]
[SourceQuality "1"]

1. e4 c5 2. Nf3 g6 3. d4 cxd4 4. Nxd4 Bg7 5. c4 Nc6 6. Be3 Nf6 7. Nc3 d6 8. Be2 0-0 9. 0-0 Bd7 10. h3 Nxd4 11. Bxd4 Bc6 12. Qc2 a5 13. Rad1 Nd7 14. Bxg7 Kxg7 15. Bg4 a4 16. Bxd7 Bxd7 17. Rfe1 Qa5 18. Nd5 Rfe8 19. b4 axb3 20. axb3 Rac8 21. e5 f6 22. Ra1 Qc5 23. exf6+ exf6 24. Qb2 Re5 25. b4 1-0

[Event "ARG-ch sf 95th"]
[Site "Buenos Aires"]
[Date "2020.02.23"]
[Round "2"]
[White "Gerschenfeld, Martin"]
[Black "Aguilar, Andres"]
[Result "1-0"]
[WhiteElo "1847"]
[BlackElo "2278"]
[PlyCount "97"]
[EventDate "2020.02.22"]
[EventType "swiss"]
[EventRounds "9"]
[EventCountry "ARG"]
[SourceTitle "CBM 195 Extra"]
[Source "ChessBase"]
[SourceDate "2020.05.31"]
[SourceVersion "1"]
[SourceVersionDate "2020.05.31"]
[SourceQuality "1"]

1. d4 Nf6 2. Bf4 g6 3. c3 Bg7 4. Nf3 0-0 5. Nbd2 d6 6. h3 b6 7. e3 Bb7 8. a4 c5 9. dxc5 bxc5 10. a5 Nbd7 11. Be2 Rb8 12. Nc4 Ne4 13. 0-0 e5 14. Bh2 Qe7 15. Nfd2 Nxd2 16. Qxd2 d5 17. Rfd1 Rbd8 18. a6 Ba8 19. Na5 Nb6 20. Bb5 Rd6 21. c4 d4 22. b4 Re6 23. bxc5 Qxc5 24. Nb3 Qc8 25. c5 Bd5 26. cxb6 Rxb6 27. Rac1 Qa8 28. Bc4 Bxc4 29. Rxc4 Rxb3 30. exd4 exd4 31. Rc7 Ra3 32. Bd6 Rc3 33. Rb7 Rc4 34. Qf4 Qd8 35. Bxf8 Qxf8 36. Rdb1 Bh6 37. Qe5 Bg7 38. Qd5 Rc5 39. Qd7 Be5 40. Rxa7 Kg7 41. Rab7 Kh6 42. f4 Bxf4 43. Qxd4 Be5 44. Qh4+ Kg7 45. Qf2 Qc8 46. Qxf7+ Kh6 47. Qxh7+ Kg5 48. Qe7+ Kh5 49. g4+ 1-0